000 00627nam a22001937a 4500
003 OSt
005 20220914205938.0
008 220914b |||||||| |||| 00| 0 eng d
040 _cBiblioteca Lado V
082 _a750.18
_bP879i
100 _aPoveda, Carlos
245 _aImaginario Irreverente/
260 _aSan Jose, Costa Rica
_bMuseo de Arte Costarricense
_c2004
300 _a55p.
_c21x28cm
650 _2Tesauro de Arte & Arquitectura
_aCOLECCION
650 _2Tesauro de Arte & Arquitectura
_aARTE
650 _2Tesauro de Arte & Arquitectura
_aCOSTA RICA
942 _2ddc
_c1
_h750.18
_iP879i
_n0
999 _c2018
_d2018